| 000 | 00351nam a2200133Ia 4500 | ||
|---|---|---|---|
| 008 | 240624s9999 xx 000 0 und d | ||
| 041 | _aeng | ||
| 082 | _a658.4022 WES | ||
| 100 | _aWEST MICHAEL | ||
| 245 | _aMOTIVATE TEAMS MAXIMIZE SUCCESS EFFECTIV | ||
| 260 |
_c2004 _aSan Francisco _bChronicle Books |
||
| 300 | _a160 : p. : cm. ; 23 | ||
| 365 |
_c _b35 |
||
| 999 |
_c8182 _d8182 |
||